000 00857nmm a2200265 a 4500
001 ocm0001257016
003 TR-IsHL
005 20201028160901.0
008 160715s2006 tu tur
007 cr cn
020 _a9789756335055
035 _a1257016
_b(N$T)
050 0 4 _aPL248.H37
_bK3 2006
090 0 4 _aPL248.H37
_bK3 2006
100 1 _aHasannebioğlu, Cumali Ünaldı
245 1 0 _aKalbim ey divane: seçme şiirler
_h[electronic resource] /
_cCumali Ünaldı Hasannebioğlu
260 _aİstanbul :
_bErguvan Yayınevi,
_c2006
300 _a111 p.
650 4 _aDil ve Edebiyat
650 4 _aLanguage and Literature
650 0 _aTürk şiiri
650 0 _aTurkish poetry
650 7 _aPOETRY / Middle Eastern
_2bisacsh
856 4 0 _uhttp://search.ebscohost.com/login.aspx?direct=true&scope=site&db=e011xww&AN=1257016
999 _c13833
_d13833